[Event "CAPA 7/I/22 email"]
[Site "Argentina"]
[Date "2001.??.??"]
[Round "1"]
[White "Sofia, Gerardo"]
[Black "Pedrosa, Fernando Hector"]
[Result "0-1"]
[WhiteElo "2000"]
[BlackElo "2000"]
[PlyCount "26"]
[EventDate "2001.??.??"]
[EventType "tourn (corr)"]
[EventRounds "6"]
[EventCountry "ARG"]
[SourceTitle "Corr 2002"]
[Source "ChessBase"]
[SourceDate "2002.05.23"]
[SourceVersion "1"]
[SourceVersionDate "2002.05.23"]
[SourceQuality "1"]

1. e4 e5 2. Nf3 Nc6 3. Bb5 f5 4. Bxc6 dxc6 5. Nxe5 Qd4 6. Qh5+ g6 7. Nxg6 hxg6 8. Qxg6+ Kd8 9. 0-0 Bd6 10. g3 Ne7 11. Qf7 Bxg3 12. hxg3 Qxe4 13. f3 Qe2 0-1